[Event "Eastern Asia-ch U16 Girls"]
[Site "Tornelo INT"]
[Date "2021.10.23"]
[Round "6"]
[White "Rathnayake, Tenuli Dhahamna"]
[Black "Orozbekova, Aiiza"]
[Result "1/2-1/2"]
[WhiteElo "1109"]
[BlackElo "1256"]
[PlyCount "39"]
[EventDate "2021.10.22"]
[EventType "swiss"]
[EventRounds "9"]
[EventCountry "NET"]
[SourceTitle "EXT 2023"]
[Source "ChessBase"]
[SourceDate "2022.10.05"]
[SourceVersion "1"]
[SourceVersionDate "2022.10.05"]
[SourceQuality "1"]

1. d4 d5 2. c4 e6 3. Nf3 Nf6 4. g3 c6 5. Bg2 Be7 6. 0-0 0-0 7. Qc2 h6 8. Nbd2 Nbd7 9. e4 dxe4 10. Nxe4 Nxe4 11. Qxe4 Nf6 12. Qe2 Re8 13. Rd1 Qc7 14. Bf4 Bd6 15. Bxd6 Qxd6 16. Qe5 Qb4 17. b3 a5 18. Qe1 Qe7 19. Ne5 Bd7 20. c5 1/2-1/2

[Event "Eastern Asia-ch U16 Girls"]
[Site "Tornelo INT"]
[Date "2021.10.22"]
[Round "2"]
[White "Rathnayake, Tenuli Dhahamna"]
[Black "Meenatchi Rajam, V."]
[Result "0-1"]
[WhiteElo "1109"]
[BlackElo "1641"]
[PlyCount "62"]
[EventDate "2021.10.22"]
[EventType "swiss"]
[EventRounds "9"]
[EventCountry "NET"]
[SourceTitle "EXT 2023"]
[Source "ChessBase"]
[SourceDate "2022.10.05"]
[SourceVersion "1"]
[SourceVersionDate "2022.10.05"]
[SourceQuality "1"]

1. d3 Nf6 2. Nf3 g6 3. g3 Bg7 4. Bg2 0-0 5. c4 c6 6. 0-0 d5 7. Nbd2 Nfd7 8. Rb1 e5 9. b3 f5 10. e3 e4 11. dxe4 fxe4 12. Nd4 Ne5 13. Ba3 Rf7 14. cxd5 cxd5 15. Nb5 Bg4 16. Qc2 Be2 17. Nd4 Bxf1 18. Bxf1 Nbc6 19. Bh3 Nxd4 20. exd4 Rc7 21. Be6+ Kh8 22. Qd1 Nd3 23. f3 Qf6 24. Bg4 Qxd4+ 25. Kg2 Qf2+ 26. Kh3 e3 27. Ne4 dxe4 28. fxe4 Rc2 29. Qg1 Qxg1 30. Rxg1 Nf2+ 31. Kh4 Bf6# 0-1